| 000 | 00422nam a2200193Ia 4500 | ||
|---|---|---|---|
| 008 | 210210b1948 xxu||||| |||| 00| 0 eng d | ||
| 041 | _aeng | ||
| 082 | _a320/647 | ||
| 100 | _a- | ||
| 245 | _aParliamentary affairs Vol II | ||
| 260 |
_a _bNot Mentioned _c1948 |
||
| 440 | _a2 | ||
| 650 | _aVol | ||
| 650 | _aParliamentary | ||
| 650 | _aII | ||
| 650 | _aaffairs | ||
| 690 | _aPolitical Science | ||
| 906 | _a003279 | ||
| 999 |
_c118629 _d118629 |
||